[Event "Vina del Mar U2000 2nd"]
[Site "Vina del Mar"]
[Date "2018.06.16"]
[Round "3.5"]
[White "Diaz Raby, Mauricio"]
[Black "Miranda Camus, Gonzalo"]
[Result "1-0"]
[WhiteElo "1214"]
[BlackElo "1220"]
[PlyCount "79"]
[EventDate "2018.06.15"]
[EventType "swiss"]
[EventRounds "5"]
[EventCountry "CHI"]
[SourceTitle "EXT 2024"]
[Source "ChessBase"]
[SourceDate "2023.10.10"]
[SourceVersion "1"]
[SourceVersionDate "2023.10.10"]
[SourceQuality "1"]

1. e4 e5 2. Nf3 Nc6 3. Bc4 Bc5 4. 0-0 Nf6 5. d3 0-0 6. Bg5 d6 7. h3 Be6 8. Bd5 Bxd5 9. exd5 Nd4 10. Nbd2 h6 11. Be3 Nxf3+ 12. Qxf3 Bxe3 13. fxe3 Nd7 14. c4 Qf6 15. Qg4 Qe7 16. Ne4 Rab8 17. Nc3 a6 18. a4 Nc5 19. Rfd1 f5 20. Qh5 Qd7 21. b4 Nxa4 22. Nxa4 b5 23. Nc3 bxc4 24. Ra4 cxd3 25. Rxd3 Rb6 26. Qd1 f4 27. e4 Rfb8 28. Na2 Qf7 29. Qe2 Qe8 30. Rda3 Qb5 31. Qxb5 axb5 32. Ra5 Kf7 33. Ra7 Rc8 34. Rc3 Rg8 35. Rcxc7+ Kf6 36. Rf7+ Kg6 37. Rf5 Rgb8 38. h4 h5 39. Rg5+ Kh6 40. Raxg7 1-0

[Event "Vina del Mar U2000 2nd"]
[Site "Vina del Mar"]
[Date "2018.06.16"]
[Round "4.3"]
[White "Diaz Raby, Mauricio"]
[Black "Miranda Camus, Joaquin Ignacio"]
[Result "0-1"]
[WhiteElo "1214"]
[BlackElo "1208"]
[PlyCount "54"]
[EventDate "2018.06.15"]
[EventType "swiss"]
[EventRounds "5"]
[EventCountry "CHI"]
[SourceTitle "EXT 2024"]
[Source "ChessBase"]
[SourceDate "2023.10.10"]
[SourceVersion "1"]
[SourceVersionDate "2023.10.10"]
[SourceQuality "1"]

1. e4 c6 2. Nf3 d5 3. e5 Bf5 4. Nd4 Bg6 5. e6 Nf6 6. Bd3 Bxd3 7. cxd3 fxe6 8. Nxe6 Qd6 9. Qe2 Nbd7 10. b3 Nc5 11. Ba3 Qxe6 12. Bxc5 Qxe2+ 13. Kxe2 e5 14. Bxf8 Rxf8 15. Kd1 Ng4 16. Kc2 Rxf2 17. Kb2 Kd7 18. h3 Nf6 19. g4 Rf8 20. Re1 Kd6 21. a4 Nd7 22. a5 Nc5 23. Re3 R8f3 24. Rxf3 Rxf3 25. d4 exd4 26. Ra3 Rxh3 27. Ra4 Nxa4+ 0-1